Biblioteca

En defensa de la intención del autor (Registro nro. 51247)

Detalles MARC
000 -LÍDER
Campo fijo de descripción fija 01222cab a2200217 i 4500
001 - NÚMERO DE CONTROL
Campo de control 768714001
003 - IDENTIFICADOR DEL NÚMERO DE CONTROL
Campo de control CO-MdFUSB
005 - FECHA Y HORA DE LA ULTIMA TRANSACCIÓN
control field 20230111103203.0
008 - ELEMENTOS DE LONGITUD FIJA -- INFORMACIÓN GENERAL
Campo fijo de descripción fija -- Información general 180626s2001 gt ||||| |||| 00| 0 spa d
022 ## - NÚMERO INTERNACIONAL NORMALIZADO PARA PUBLICACIONES SERIADAS
Número Internacional Normalizado para Publicaciones Seriadas 1014-9341
040 ## - FUENTE DE CATALOGACIÓN
Agencia Catalogadora CO-MdFUSB
Idioma de catalogación spa
Agencia que realiza la transcripción CO-MdFUSB
Agencia que realiza la modificación CO-MdFUSB
041 ## - CÓDIGO DE IDIOMA
Código de idioma para texto/pista de sonido o título separado spa
100 1# - ASIENTO PRINCIPAL--NOMBRE PERSONAL
Nombre personal Thompson, Vaughn Stefen
Término relacionador autor
245 03 - TÍTULO
Título En defensa de la intención del autor
Mención de responsabilidad / Vaughn Stefen Thompson
300 ## - DESCRIPCIÓN FÍSICA
Extensión Número 28 (Enero - Junio, 2001), páginas 101-108
Dimensiones ; 22 cm
520 ## - NOTA DE RESUMEN, ETC.
Nota de sumario, etc. Al amanecer del nuevo milenio, los eruditos y los profesionales de una amplia gama de disciplinas han despertado cada vez más a los cambios profundos que están sucediendo en nuestro mundo. Este cambio cultural, frecuentemente llamando "Posmodernismo", normalmente se entiende como un rechazo de los ideales de la ilustración y su hermano, el Modernismo filosófico. Stanley Grenz explica este fenómeno como "el fin de una cosmovisión única y universal".
650 #7 - ASIENTO SECUNDARIO DE MATERIA - TERMINO TEMÁTICO
9 (RLIN) 418
Término temático o nombre geográfico como elemento de entrada Hermenéutica
773 0# - ASIENTO DE ITEM FUENTE
Título Kairós
Biblionumber 49489
Itemnumber 61195
Parte(s) relacionada(s) / Volumen., número. (mes año), páginas Número 28 (Enero - Junio, 2001) ), páginas 101-108
Enumeración y primera página Página 101
773 0# - ASIENTO DE ITEM FUENTE
Título Kairós
Biblionumber 49489
Itemnumber 81315
Parte(s) relacionada(s) / Volumen., número. (mes año), páginas Número 28 (Enero - Junio, 2001), páginas 101-108
Enumeración y primera página Página 101
942 ## - TIPO DE MATERIAL (KOHA)
Tipo de Item KOHA Artículos de Revista

No hay ítems disponibles.

Biblioteca FUSBC | Teléfono: (57+4) 349 88 10 Ext. 141| WhatsApp (+57) 3005338115 
E-mail: biblioteca@unisbc.edu.co | Calle 76 87-14 Robledo Palenque, Medellín, Colombia

Con tecnología Koha